Bilecik Bilecik Bilecik Bilecik Bilecik

Harvard Tıp Okulu'nun kılavuzluğunda : (Record no. 34855)

MARC details
000 -BAŞLIK
Sabit Uzunluktaki Kontrol Alanı 01172nam a22003137a 4500
001 - KONTROL NUMARASI
Control Dosyası 0034949
003 - KONTROL NUMARASI KİMLİĞİ
Kontrol Alanı KOHA_MİRAKIL
005 - EN SON İŞLEM TARİHİ ve ZAMANI
Kontrol Alanı 20260207002930.0
007 - FİZİKSEL TANIM SABİT ALAN - GENEL BİLGİ
Sabit uzunluklu kontrol alanı ta
008 - SABİT UZUNLUKTAKİ VERİ ÖGELERİ - GENEL BİLGİ
Sabit Alan 120109b2005 tu a|||gr||||#||||0|tur |
020 ## - ISBN - ULUSLARARASI STANDART KİTAP NUMARASI
Isbn 975652536X
Kullanılabilirlik koşulları 10
040 ## - KATALOGLAMA KAYNAĞI
Özgün Kataloglama Kurumu TR-BiSEU
Kataloglama Dili tur
Çeviri Kurumu TR-BiSEU
Açıklama Kuralları rda
041 0# - DİL KODU
Metin ya da ses kaydının dil kodu tur
044 ## - YAYINLAYAN/ÜRETEN KURULUŞUN ÜLKE KODU
ISO country code tu
050 ## - SINIFLAMA ve YER NUMARASI
Sınıflama Numarası QP406
Yer Numarası .N45 2005
100 1# - KİŞİ ADI
Yazar Adı (Kişi adı) Nelson, Aaron P..
245 1# - ESER ADI BİLDİRİMİ
Başlık Harvard Tıp Okulu'nun kılavuzluğunda :
Alt Eseradı vb. belleğinizi nasıl güçlendirebilirsiniz? optimum belleğe ulaşma yolları=The Harvard Medical School guide to achieving optimal memory /
Sorumluluk Bildirimi Aaron P. Nelson ; Aaron P. Nelson, Susan Gilbert ; çev. Saadet Özkal, Dilaver Kaya.
264 #1 - ÜRERİM, YAYIN, DAĞITIM ve TELİF BİLDİRİMİ
Yayın yeri İstanbul :
Yayınlayan Optimist Yayın Dağıtım
Yayın tarihi 2005
300 ## - FİZİKSEL TANIMLAMA
Sayfa, Cilt vb. 219 sayfa :
Diğer fiziki detaylar res. ;
Boyutları 24 cm.
336 ## - İÇERİK TÜRÜ
Content type term metin
Content type code txt
Source rdacontent
337 ## - MEDYA TÜRÜ
Media type term aracısız
Media type code n
Source rdamedia
338 ## - TAŞIYICI TÜRÜ
Carrier type term cilt
Carrier type code nc
Source rdacarrier
490 1# - DİZİ BİLDİRİMİ
Dizi Bildirimi Optimist ;
Cilt Numarası yayın no: 49.
500 ## - GENEL NOT
Genel Not Translation of: The Harvard Medical School guide to achieving optimal memory.
650 #0 - KONU BAŞLIĞI EK GİRİŞ - KONU TERİMİ
Konusal terim veya coğrafi ad Memory.
9 (RLIN) 6283
650 #0 - KONU BAŞLIĞI EK GİRİŞ - KONU TERİMİ
Konusal terim veya coğrafi ad Mnemonics.
9 (RLIN) 32008
830 1# - SERİ EK GİRİŞİ - TEKBİÇİM ESER ADI
Tekbiçim Başlık Optimist ;
Volume number/sequential designation yayın no: 49.
9 (RLIN) 42491
942 ## - EK GİRİŞ ÖGELERİ (KOHA)
Source of classification or shelving scheme Library of Congress Classification
Koha item type Book
Holdings
Materyal Türü Kalıcı Konum Mevcut Konum Raf Yeri Sınıflandırma Kaynağı Edinim Bilgisi Ana Konular Alt Konular Yer Numarası Demirbaş Numarası Fatura Tarihi Maliyet, Alış Fiyatı Maliyet, Yenileme Fiyatı Geri Çekilme Durumu Kayıp Durumu Hasarlı Durumu Kredi için değil Kayıt Tarih Toplam Ödünçverme Son Görülme Tarihi Son Kontrol Tarihi Genel / Bağış Notu
Book Prof. Dr. Azmi Özcan Kütüphanesi Prof. Dr. Azmi Özcan Kütüphanesi Birûni Salonu Library of Congress Classification Bağış BİLİM Fizyoloji QP406 .N45 2005 0034949 02/02/2026 10.00 10.00         09/01/2012 13 05/12/2024 05/12/2024 Hasan Tevfik Güzel